The Legacies of Slave Trade, Slavery and Indentured Labour in Post-slavery Societies in the Caribbean (Record no. 1678327)

MARC details
000 -LEADER
fixed length control field 00693 a2200205 4500
005 - DATE AND TIME OF LATEST TRANSACTION
control field 20260302163842.0
008 - FIXED-LENGTH DATA ELEMENTS--GENERAL INFORMATION
fixed length control field 260302b |||||||| |||| 00| 0 eng d
020 ## - INTERNATIONAL STANDARD BOOK NUMBER
International Standard Book Number 9789360805715
040 ## - CATALOGING SOURCE
Transcribing agency SDCL
041 ## - LANGUAGE CODE
Source of code eng
Language code of text/sound track or separate title eng
084 ## - COLON CLASSIFICATION NUMBER
Classification number Y492.1'P R5
245 ## - TITLE STATEMENT
Title The Legacies of Slave Trade, Slavery and Indentured Labour in Post-slavery Societies in the Caribbean
260 ## - PUBLICATION, DISTRIBUTION, ETC.
Place of publication, distribution, etc. New Delhi :
Name of publisher, distributor, etc. Manohar Publishers and Distributors,
Date of publication, distribution, etc. 2025.
300 ## - PHYSICAL DESCRIPTION
Extent 226p.
490 ## - SERIES STATEMENT
Series statement The Legacy of slavery and indentured labour
Volume/sequential designation Volume 8
700 ## - ADDED ENTRY--PERSONAL NAME
Personal name Toussaint, Michael Ed.
700 ## - ADDED ENTRY--PERSONAL NAME
Personal name Egger, Jerome L. Ed.
700 ## - ADDED ENTRY--PERSONAL NAME
Personal name Jagdew, Eric R. Ed.
942 ## - ADDED ENTRY ELEMENTS (KOHA)
Koha item type Textual
Source of classification or shelving scheme Colon Classification (CC)
700 ## - ADDED ENTRY--PERSONAL NAME
-- 1123476
700 ## - ADDED ENTRY--PERSONAL NAME
-- 1123477
700 ## - ADDED ENTRY--PERSONAL NAME
-- 1123478
999 ## -
-- 1678327
-- 1678327
Holdings
Withdrawn status Lost status Source of classification or shelving scheme Damaged status Not for loan Home library Current library Date acquired Source of acquisition Cost, normal purchase price Inventory number Total checkouts Full call number Barcode Date last seen Cost, replacement price Price effective from Koha item type
    Colon Classification (CC)     South Campus Library South Campus Library 2025-12-17 18 1196.00 2551 & 17/12/2025   Y492.1'P R5 SC1691686 2025-12-17 1495.00 2025-12-17 Textual
Copyright @ Delhi University Library System